Norway City Quiz - Statistics

General Stats
  • This quiz has been taken 340 times
  • The average score is 5 of 7
Answer Stats
City % Correct
Oslo
100%
Bergen
96%
Trondheim
93%
Stavanger
85%
Kristiansand
74%
Drammen
58%
Bærum
28%
No matching quizzes found
Score Distribution
Percent of People with Each Score
Percentile by Number Answered
Your Score History
You have not taken this quiz